| 000 | 00691nam a2200205 u 4500 | ||
|---|---|---|---|
| 005 | 20210223130345.0 | ||
| 008 | 071204s2004 mx r 000 0 spa d | ||
| 020 | _a9700745511 | ||
| 035 | _aUPN01000153797 | ||
| 049 | _aCG | ||
| 050 | 4 |
_aKGF1059 _bM3.2 2004 |
|
| 100 | 1 | _aMantilla Molina, Roberto L. | |
| 245 | 1 | 0 |
_aDerecho mercantil : _bintroducción y conceptos fundamentales sociedades / _cRoberto L. Mantilla Molina y José María Abascal Zamora. |
| 250 | _a29a ed. rev. y puesta al día. | ||
| 260 |
_aMéxico : _bPorrúa, _cc2004. |
||
| 300 | _axxxv, 548 p. | ||
| 650 | 4 |
_aDERECHO MERCANTIL - _zMEXICO _913296 |
|
| 700 | 1 |
_aAbascal Zamora, José María, _ecoaut. |
|
| 905 | _aLibro | ||
| 999 |
_c125918 _d125918 |
||